| 000 | 01312nas a2200325 a 4500 | ||
|---|---|---|---|
| 003 | EG-GICUC | ||
| 008 | 150930c19479999ua r p 000 0ara d | ||
| 040 |
_aEG-GiCUC _bara _cEG-GiCUC |
||
| 043 | _af-ua--- | ||
| 092 | 0 | 4 |
_a332.122305 _bB2181 _221 |
| 099 |
_a04 _a332.122305 B2181 |
||
| 222 | 0 | _aالبنك الاهلي المصري | |
| 245 | 0 | 0 |
_aالبنك الاهلي المصري : _bالنشرة الاقتصادية/ _cادارة البحوث بالبنك |
| 245 | 1 | 0 | _aالنشرة الاقتصادية |
| 260 |
_aالقاهرة: _bادارة البحوث، _c1947 - |
||
| 300 |
_aمج : _bايض؛ _c27سم |
||
| 362 | 0 | _a1947 | |
| 500 | _aالنشرة الاقتصاديه تصدرها ادارة البحوث باللغتين العربية والانجليزية | ||
| 590 | _aمحتويات المكتبة من اعداد الدورية | ||
| 610 | 1 | 7 |
_aالبنك الاهلى المصرى _vدورياتqrmak |
| 710 | 2 | _aمصر (البنك الاهلي المصري) | |
| 905 |
_aعبير _eمدخل |
||
| 905 | _eمراجع | ||
| 942 |
_2ddc _cCR _n0 |
||
| 999 |
_c140667 _d140667 |
||
| 336 |
_atext _2rda content |
||
| 337 |
_aUnmediated _2rdamedia |
||
| 338 |
_avolume _2rdacarrier |
||